[Event "DEM U18w 2010"]
[Site "Oberhof GER"]
[Date "2010.05.27"]
[Round "7"]
[White "Nguyen Minh, Thuy"]
[Black "Stitterich, Nadine"]
[Result "1-0"]
[Termination "normal"]
[Board "3"]
[WhiteElo "1895"]
[BlackElo "1974"]
[PlyCount "131"]
[WhiteFideId "24672688"]
[BlackFideId "24676527"]
[EventCountry "GER"]
[EventRounds "9"]
[EventType "swiss"]
[EventDate "2010.05.22"]

1. e4 c5 2. Nf3 e6 3. d4 cxd4 4. Nxd4 Nc6 5. Nc3 Qc7 6. Ndb5 Qb8 7. Be3 a6 8.
Bb6 axb5 9. Nxb5 Bb4+ 10. c3 Ba5 11. Nc7+ Qxc7 12. Bxc7 Bxc7 13. Qg4 Kf8 14. f4
d6 15. Bd3 e5 16. f5 h5 17. Qf3 Nf6 18. Kd2 Bb6 19. h3 h4 20. Kc2 Bd7 21. b3
Ne7 22. Rhe1 Bc6 23. Kb2 d5 24. exd5 Bxd5 25. Qf1 e4 26. Bc4 Bc6 27. Bb5 Rh5
28. Bxc6 bxc6 29. Qc4 Rxf5 30. Re2 Rf2 31. Rxf2 Bxf2 32. a4 Rd8 33. Qe2 e3 34.
Rd1 Re8 35. Rf1 Ne4 36. Qd3 Ng3 37. Ra1 e2 38. a5 Nef5 39. a6 Kg8 40. Qd7 Re7
41. Qxc6 Ba7 42. b4 Ne3 43. Re1 Kh7 44. b5 Nd1+ 45. Kc2 Ne3+ 46. Kb3 Re6 47.
Qb7 Bc5 48. Qc7 Bb6 49. Qxf7 Rf6 50. Qb7 Rd6 51. a7 Bxa7 52. Qxa7 Nxg2 53. Rxe2
Nxe2 54. b6 Rd3 55. Qa5 Rxc3+ 56. Qxc3 Nxc3 57. Kxc3 Nf4 58. b7 Nxh3 59. b8=Q
g5 60. Qe5 Kh6 61. Qe6+ Kh5 62. Qxh3 g4 63. Qg2 g3 64. Qh3 Kg5 65. Kd3 Kf4 66.
Ke2 1-0

[Event "DEM U18w 2010"]
[Site "Oberhof GER"]
[Date "2010.05.27"]
[Round "7"]
[White "Voss, Chantal"]
[Black "Dorn, Carina"]
[Result "1-0"]
[Termination "normal"]
[Board "4"]
[WhiteElo "1879"]
[BlackElo "1869"]
[PlyCount "55"]
[WhiteFideId "4664906"]
[BlackFideId "24666335"]
[EventCountry "GER"]
[EventRounds "9"]
[EventType "swiss"]
[EventDate "2010.05.22"]

1. d4 Nf6 2. c4 e6 3. g3 c5 4. Nf3 d5 5. Bg2 Nc6 6. O-O Be7 7. Nc3 O-O 8. Bg5
dxc4 9. dxc5 Qa5 10. Rc1 Qxc5 11. Qa4 a6 12. Be3 Qb4 13. Qxb4 Nxb4 14. Nd2 Nbd5
15. Nxc4 b5 16. Nxd5 exd5 17. Nb6 Rb8 18. Nxd5 Nxd5 19. Bxd5 Bf6 20. Bf4 Bh3
21. Bxb8 Bxf1 22. Kxf1 Rxb8 23. b3 Rd8 24. e4 Rd7 25. Rc8+ Bd8 26. Ra8 a5 27.
Bc6 Rd4 28. Bd5 1-0

[Event "DEM U18w 2010"]
[Site "Oberhof GER"]
[Date "2010.05.27"]
[Round "7"]
[White "Sonnhalter, Stella"]
[Black "Frey, Alisa"]
[Result "0-1"]
[Termination "normal"]
[Board "5"]
[WhiteElo "1751"]
[BlackElo "2049"]
[PlyCount "114"]
[WhiteFideId "4624815"]
[BlackFideId "24634662"]
[EventCountry "GER"]
[EventRounds "9"]
[EventType "swiss"]
[EventDate "2010.05.22"]

1. e4 c5 2. Nf3 d6 3. d4 cxd4 4. Nxd4 Nf6 5. Nc3 a6 6. Be3 e5 7. Nb3 Be6 8. f3
Nbd7 9. Qd2 h5 10. O-O-O Be7 11. Be2 b5 12. Kb1 Rc8 13. Nd5 Nxd5 14. exd5 Bf5
15. Bd3 Bxd3 16. Qxd3 Bg5 17. Rde1 O-O 18. Rhf1 Bxe3 19. Rxe3 Qc7 20. Re4 a5
21. Rh4 Nf6 22. f4 a4 23. Nd2 Rfe8 24. Re1 Qc5 25. fxe5 Qf2 26. Nf3 dxe5 27.
Re2 Qc5 28. Qd2 e4 29. Ng5 e3 30. Qd3 Qxd5 31. Qxd5 Nxd5 32. Rd4 Rcd8 33. c4 f6
34. cxd5 fxg5 35. Kc2 Re5 36. d6 Re6 37. Kd3 Rexd6 38. Rxd6 Rxd6+ 39. Kxe3 Kf7
40. Rc2 Ke6 41. Ke4 Kf6 42. Rf2+ Ke6 43. Rc2 g4 44. Kf4 Kf6 45. Re2 g5+ 46. Ke3
Re6+ 47. Kf2 Rxe2+ 48. Kxe2 Ke5 49. Ke3 h4 50. a3 Kf5 51. g3 Ke5 52. Kd3 Kd5
53. Kc3 Ke4 54. Kb4 Kf3 55. Kxb5 Kg2 56. Kxa4 Kxh2 57. b4 hxg3 0-1

[Event "DEM U18w 2010"]
[Site "Oberhof GER"]
[Date "2010.05.27"]
[Round "7"]
[White "Kirst, Julia"]
[Black "Mertens, Pauline"]
[Result "0-1"]
[Termination "normal"]
[Board "6"]
[WhiteElo "1712"]
[BlackElo "1999"]
[PlyCount "60"]
[WhiteFideId "12914258"]
[BlackFideId "24671959"]
[EventCountry "GER"]
[EventRounds "9"]
[EventType "swiss"]
[EventDate "2010.05.22"]

1. d4 d5 2. Nf3 Nf6 3. e3 Bf5 4. Be2 e6 5. O-O Nbd7 6. b3 Be7 7. Bb2 h6 8. c4
dxc4 9. bxc4 c5 10. Nbd2 O-O 11. Nb3 Rc8 12. Bd3 Bxd3 13. Qxd3 Nb6 14. Rac1
Nfd7 15. Qe2 Rc7 16. dxc5 Nxc5 17. Rfd1 Qe8 18. Nbd4 a6 19. Nd2 Qc8 20. Qg4 Bf6
21. N2b3 Rd8 22. Ba3 Nbd7 23. Nxc5 Nxc5 24. Rb1 Na4 25. Rdc1 Rxc4 26. Qf3 Bxd4
27. exd4 b5 28. Re1 Rdxd4 29. Red1 Rxd1+ 30. Rxd1 Rc3 0-1

[Event "DEM U18w 2010"]
[Site "Oberhof GER"]
[Date "2010.05.27"]
[Round "7"]
[White "Wisheckel, Lena"]
[Black "Mijatovic, Andrea"]
[Result "1-0"]
[Termination "normal"]
[Board "7"]
[WhiteElo "1672"]
[BlackElo "1864"]
[PlyCount "45"]
[WhiteFideId "24691992"]
[BlackFideId "14514524"]
[EventCountry "GER"]
[EventRounds "9"]
[EventType "swiss"]
[EventDate "2010.05.22"]

1. e4 c5 2. Nf3 d6 3. d4 cxd4 4. Nxd4 Nf6 5. Nc3 a6 6. Qe2 e5 7. Nf5 Nc6 8. Bg5
h6 9. Bxf6 Qxf6 10. Nd5 Qd8 11. O-O-O Bxf5 12. exf5 Be7 13. g4 Rc8 14. Bg2 O-O
15. Kb1 Bg5 16. Be4 Ne7 17. Qd3 b5 18. f3 Qa5 19. h4 Nxd5 20. Bxd5 Bf4 21. g5
Rc5 22. f6 Rfc8 23. Qg6 1-0

[Event "DEM U18w 2010"]
[Site "Oberhof GER"]
[Date "2010.05.27"]
[Round "7"]
[White "Schöbel, Ulrike"]
[Black "Falke, Cynthia"]
[Result "1-0"]
[Termination "normal"]
[Board "8"]
[WhiteElo "1656"]
[BlackElo "1672"]
[PlyCount "63"]
[BlackFideId "24600644"]
[EventCountry "GER"]
[EventRounds "9"]
[EventType "swiss"]
[EventDate "2010.05.22"]

1. c4 e5 2. Nc3 Bb4 3. Qc2 Bxc3 4. Qxc3 Nc6 5. g3 d6 6. Bg2 Nge7 7. d3 O-O 8.
Nf3 a5 9. O-O f5 10. e3 Ng6 11. b3 Bd7 12. Bb2 Rf7 13. Rae1 Qe7 14. a3 b6 15.
b4 h6 16. b5 Nd8 17. Nxe5 Nxe5 18. Bxa8 c6 19. Rd1 Qe6 20. f4 Ng4 21. Rde1 Qg6
22. Qd2 cxb5 23. Rc1 bxc4 24. Rxc4 Be6 25. Rc2 d5 26. Rfc1 Nf6 27. Bc6 Ra7 28.
Bb5 Qf7 29. Bd4 Qb7 30. Qc3 Qb8 31. Bxf6 gxf6 32. Qxf6 1-0

[Event "DEM U18w 2010"]
[Site "Oberhof GER"]
[Date "2010.05.27"]
[Round "7"]
[White "Müller, Anna-Louise"]
[Black "Kohm, Vanessa"]
[Result "0-1"]
[Termination "normal"]
[Board "9"]
[WhiteElo "1627"]
[BlackElo "1768"]
[PlyCount "154"]
[WhiteFideId "4633512"]
[BlackFideId "4674472"]
[EventCountry "GER"]
[EventRounds "9"]
[EventType "swiss"]
[EventDate "2010.05.22"]

1. e4 c5 2. Nf3 g6 3. d4 cxd4 4. Nxd4 Bg7 5. Nc3 Nc6 6. Nde2 Nf6 7. g3 d6 8.
Bg2 O-O 9. O-O Rb8 10. Nd5 b5 11. Rb1 Bb7 12. Bg5 Nd7 13. c3 a5 14. Qd2 Nde5
15. b3 Ba8 16. Nd4 Nxd4 17. cxd4 Nc6 18. Rbc1 f6 19. Be3 b4 20. Nf4 Qe8 21. Ne6
Rf7 22. Nc7 Qd7 23. Nxa8 Rxa8 24. e5 d5 25. Rc5 e6 26. Rfc1 Nd8 27. f4 f5 28.
Qc2 Ra7 29. Bf1 Bf8 30. Bb5 Qb7 31. Qd3 Bxc5 32. dxc5 Nc6 33. Kf2 Ra8 34. Ba4
Rc7 35. Qb5 Rb8 36. Qxb7 Rbxb7 37. Ke2 Kf7 38. Kd3 Rb8 39. Bf2 Na7 40. Bd4 Nb5
41. Bb2 Ke7 42. Bd4 Kd7 43. Be3 Kc6 44. Bd4 h6 45. h4 Rg8 46. Be3 Rcg7 47. Rh1
Rd7 48. Bd4 g5 49. hxg5 hxg5 50. Rh6 Re7 51. Be3 gxf4 52. gxf4 Rb8 53. Rf6 Kc7
54. Rg6 Nc3 55. Bd2 Nxa4 56. bxa4 Kc6 57. Kd4 b3 58. axb3 Rxb3 59. Bxa5 Ra3 60.
Bb6 Rxa4+ 61. Ke3 Re4+ 62. Kf3 d4 63. Rg8 d3 64. Rc8+ Kb5 65. Rd8 Rh7 66. Rd6
Rh2 67. Kg3 Rd2 68. Ba7 Rd1 69. c6 Rc4 70. Rxe6 Rxc6 71. Re8 d2 72. Rd8 Kc4 73.
Be3 Kc3 74. Bxd2+ Rxd2 75. Rxd2 Kxd2 76. Kh4 Ke3 77. Kg5 Ke4 0-1

[Event "DEM U18w 2010"]
[Site "Oberhof GER"]
[Date "2010.05.27"]
[Round "7"]
[White "Stoer, Agnes"]
[Black "Kölbl, Ines"]
[Result "1/2-1/2"]
[Termination "normal"]
[Board "10"]
[WhiteElo "1877"]
[BlackElo "1855"]
[PlyCount "73"]
[WhiteFideId "1270593"]
[BlackFideId "24697052"]
[EventCountry "GER"]
[EventRounds "9"]
[EventType "swiss"]
[EventDate "2010.05.22"]

1. c4 c6 2. d4 d5 3. e3 Nf6 4. Nc3 Bf5 5. Qb3 Qb6 6. Qxb6 axb6 7. cxd5 cxd5 8.
Bb5+ Nc6 9. Nf3 Bd7 10. O-O e6 11. b3 Bd6 12. Bb2 O-O 13. Rfc1 Ne8 14. Na4 Nc7
15. Nxb6 Nxb5 16. Nxd7 Rfd8 17. Nc5 Ra7 18. a4 Nc7 19. Ne5 Bxe5 20. dxe5 Nb4
21. Ba3 Nca6 22. Nxa6 Nxa6 23. Bd6 Raa8 24. Rc3 Rac8 25. Rac1 Rxc3 26. Rxc3 f6
27. Be7 Re8 28. exf6 Kf7 29. Kf1 gxf6 30. Ba3 Rd8 31. Ke2 Ke8 32. f4 Kd7 33.
Kf3 f5 34. Ke2 Rb8 35. b4 Ra8 36. a5 Rb8 37. Kd3 1/2-1/2

[Event "DEM U18w 2010"]
[Site "Oberhof GER"]
[Date "2010.05.27"]
[Round "7"]
[White "Erofeev, Anastasia"]
[Black "Rolfs, Rebecca"]
[Result "1-0"]
[Termination "normal"]
[Board "11"]
[WhiteElo "1624"]
[BlackElo "1408"]
[PlyCount "75"]
[WhiteFideId "12917915"]
[BlackFideId "24658219"]
[EventCountry "GER"]
[EventRounds "9"]
[EventType "swiss"]
[EventDate "2010.05.22"]

1. e4 e5 2. Nf3 Nc6 3. Bc4 Bc5 4. d3 Nf6 5. Nc3 d6 6. Be3 Bb6 7. Nd5 Nxd5 8.
Bxd5 Ne7 9. Bb3 Bg4 10. Bxf7+ Kf8 11. Bb3 Bh5 12. Qe2 Nc6 13. Bxb6 axb6 14. Qe3
h6 15. O-O Qf6 16. Nd2 g5 17. c3 Ke7 18. a3 Raf8 19. Bd1 Bxd1 20. Raxd1 Nd8 21.
d4 Ne6 22. dxe5 Qxe5 23. Nf3 Qf6 24. e5 dxe5 25. Nxe5 Rd8 26. Rxd8 Rxd8 27. Ng4
Qf8 28. Re1 Rd6 29. Qe4 Rc6 30. Qh7+ Ke8 31. Nxh6 Qf6 32. Ng4 Qf7 33. Qxf7+
Kxf7 34. Ne5+ Kf6 35. Nxc6 bxc6 36. Re4 c5 37. g3 Kf5 38. f3 1-0

[Event "DEM U18w 2010"]
[Site "Oberhof GER"]
[Date "2010.05.28"]
[Round "8"]
[White "Frey, Alisa"]
[Black "Endress, Anna"]
[Result "1/2-1/2"]
[Termination "normal"]
[Board "1"]
[WhiteElo "2049"]
[BlackElo "2107"]
[PlyCount "81"]
[WhiteFideId "24634662"]
[BlackFideId "24629472"]
[EventCountry "GER"]
[EventRounds "9"]
[EventType "swiss"]
[EventDate "2010.05.22"]

1. d4 d5 2. c4 c6 3. Nc3 e6 4. e3 Nd7 5. Nf3 f5 6. Qc2 Nh6 7. b3 Bd6 8. Bb2 O-O
9. h4 Qe7 10. O-O-O a6 11. Kb1 b5 12. c5 Bc7 13. Ne2 Ng4 14. Nf4 e5 15. dxe5
Ngxe5 16. Nd4 Nxc5 17. Nxc6 Nxc6 18. Nxd5 Qe4 19. Nxc7 Ra7 20. Nd5 Qxc2+ 21.
Kxc2 Ne4 22. Ba3 Re8 23. Rc1 Nxf2 24. Rg1 Be6 25. Nf4 Bf7 26. Kb1 Ne5 27. Be2
Rd7 28. Bb2 Neg4 29. Rc6 Nxe3 30. Rxa6 Red8 31. Bc1 Nd5 32. Nxd5 Rxd5 33. Rc6
Be8 34. Rc7 Ne4 35. g4 R8d7 36. Rxd7 Bxd7 37. Kb2 Nf2 38. gxf5 Bxf5 39. a4 Nd3+
40. Bxd3 Bxd3 41. Rd1 1/2-1/2

[Event "DEM U18w 2010"]
[Site "Oberhof GER"]
[Date "2010.05.28"]
[Round "8"]
[White "Bochis, Julia"]
[Black "Voss, Chantal"]
[Result "1-0"]
[Termination "normal"]
[Board "2"]
[WhiteElo "2086"]
[BlackElo "1879"]
[PlyCount "99"]
[WhiteFideId "24647276"]
[BlackFideId "4664906"]
[EventCountry "GER"]
[EventRounds "9"]
[EventType "swiss"]
[EventDate "2010.05.22"]

1. e4 e6 2. d4 d5 3. Nc3 Bb4 4. e5 c5 5. a3 Bxc3+ 6. bxc3 Ne7 7. Qg4 O-O 8. Bd3
c4 9. Be2 Nbc6 10. Nf3 f6 11. exf6 Rxf6 12. Bg5 Rf7 13. Qh5 Qc7 14. Bxe7 Qxe7
15. O-O Bd7 16. Rae1 Rf5 17. Qh4 Qd6 18. Qg3 Qxa3 19. Nh4 Rf6 20. Bg4 Raf8 21.
Qh3 Qd6 22. g3 g5 23. Ng2 Kg7 24. Qh5 h6 25. f4 Be8 26. Qh3 Qa3 27. Re3 Bg6 28.
Bxe6 Bf5 29. Bxf5 Rxf5 30. g4 R5f7 31. f5 Rf6 32. Qf3 Qd6 33. Rfe1 Qd7 34. Qg3
R8f7 35. R1e2 Ne7 36. Ne1 Nc6 37. Nf3 Re7 38. Ne5 Qc7 39. Qe1 Nd8 40. Ng6 Rxe3
41. Rxe3 Nc6 42. h4 Qd6 43. hxg5 hxg5 44. Qf1 Qb8 45. Kg2 Nd8 46. Qf3 Qd6 47.
Re5 Nf7 48. Rxd5 Qb6 49. Rd7 Qb1 50. Qe2 1-0

[Event "DEM U18w 2010"]
[Site "Oberhof GER"]
[Date "2010.05.28"]
[Round "8"]
[White "Mertens, Pauline"]
[Black "Nguyen Minh, Thuy"]
[Result "0-1"]
[Termination "normal"]
[Board "3"]
[WhiteElo "1999"]
[BlackElo "1895"]
[PlyCount "88"]
[WhiteFideId "24671959"]
[BlackFideId "24672688"]
[EventCountry "GER"]
[EventRounds "9"]
[EventType "swiss"]
[EventDate "2010.05.22"]

1. e4 c5 2. Nf3 d6 3. d4 cxd4 4. Nxd4 Nf6 5. Nc3 a6 6. Bg5 Nbd7 7. f4 Qb6 8.
Qd2 Qxb2 9. Rb1 Qa3 10. Be2 Qc5 11. Nb3 Qc7 12. e5 dxe5 13. fxe5 Qxe5 14. Bf4
Ne4 15. Nxe4 Qxe4 16. O-O e6 17. Bd3 Qc6 18. Na5 Qd5 19. c4 Qd4+ 20. Be3 Qh4
21. Rf4 Qh5 22. Be2 Qg6 23. Rbf1 f6 24. Bf3 Rb8 25. Rd4 Bc5 26. Rg4 Qf7 27.
Bxc5 Nxc5 28. Qd6 Nd7 29. Re1 e5 30. Bd5 Qf8 31. Qc7 g6 32. Nxb7 Bxb7 33. Bxb7
Qb4 34. Rd1 Qxb7 35. Rxd7 Qb1+ 36. Kf2 Qf5+ 37. Kg3 Qxd7 38. Qxb8+ Qd8 39. Qb4
f5 40. Qb2 fxg4 41. Qxe5+ Kf7 42. Qf4+ Kg7 43. Qe5+ Qf6 44. Qc7+ Kh6 0-1

[Event "DEM U18w 2010"]
[Site "Oberhof GER"]
[Date "2010.05.28"]
[Round "8"]
[White "Blübaum, Johanna"]
[Black "Kinzel, Tiffany"]
[Result "1-0"]
[Termination "normal"]
[Board "4"]
[WhiteElo "1988"]
[BlackElo "1570"]
[PlyCount "101"]
[WhiteFideId "24647373"]
[BlackFideId "4633741"]
[EventCountry "GER"]
[EventRounds "9"]
[EventType "swiss"]
[EventDate "2010.05.22"]

1. d4 Nf6 2. c4 e5 3. dxe5 Ng4 4. Bf4 Bb4+ 5. Nd2 Qe7 6. Ngf3 Nc6 7. e3 Ngxe5
8. Nxe5 Nxe5 9. Be2 O-O 10. O-O d6 11. Nb3 Re8 12. a3 Bc5 13. Nxc5 dxc5 14. Qc2
Bd7 15. Rfd1 Bc6 16. Rd2 Ng6 17. Bg3 Qg5 18. Bf1 Rac8 19. b4 h5 20. h3 h4 21.
Bh2 Qf6 22. Rad1 Ne5 23. e4 Qg6 24. Bxe5 Rxe5 25. f3 cxb4 26. axb4 a6 27. Rd8+
Re8 28. Rxe8+ Bxe8 29. Qf2 Qf6 30. Rd5 Qh6 31. Qd4 b6 32. e5 g5 33. Rd8 Qe6 34.
Qd2 Rxd8 35. Qxg5+ Kf8 36. Qxd8 Qxe5 37. Qxh4 Qe3+ 38. Qf2 Qc3 39. Qg3 Qe3+ 40.
Kh2 Qc1 41. Be2 Qd2 42. Qe5 c6 43. c5 Qxb4 44. Qd6+ Kg7 45. Qe7 Qf4+ 46. g3 Qb8
47. cxb6 a5 48. Qa7 Qe5 49. Bf1 Qb2+ 50. Bg2 Qd4 51. Qc7 1-0

[Event "DEM U18w 2010"]
[Site "Oberhof GER"]
[Date "2010.05.28"]
[Round "8"]
[White "Stitterich, Nadine"]
[Black "Dorn, Carina"]
[Result "1-0"]
[Termination "normal"]
[Board "5"]
[WhiteElo "1974"]
[BlackElo "1869"]
[PlyCount "81"]
[WhiteFideId "24676527"]
[BlackFideId "24666335"]
[EventCountry "GER"]
[EventRounds "9"]
[EventType "swiss"]
[EventDate "2010.05.22"]

1. e4 e6 2. d4 d5 3. Nc3 Bb4 4. e5 Qd7 5. Bd2 b6 6. Bb5 c6 7. Ba4 a5 8. a3 Bf8
9. Nf3 Ba6 10. Ne2 Ne7 11. O-O Nf5 12. Re1 Be7 13. c3 Nh4 14. Nxh4 Bxh4 15. Nf4
g6 16. Qg4 Be7 17. Bc2 c5 18. h4 Nc6 19. Nh3 h6 20. Rad1 cxd4 21. cxd4 Rc8 22.
Bb1 Bc4 23. Bc1 b5 24. Nf4 Rg8 25. Nh5 Qd8 26. Bxh6 Kd7 27. Nf6+ Bxf6 28. exf6
Qxf6 29. Bg5 Qg7 30. Qf4 Rc7 31. Bf6 Qh7 32. Bc2 b4 33. Ba4 Kc8 34. b3 Ba6 35.
Rc1 Kb7 36. axb4 axb4 37. Bxc6+ Rxc6 38. Rxc6 Kxc6 39. Rc1+ Kb7 40. Qc7+ Ka8
41. Ra1 1-0

[Event "DEM U18w 2010"]
[Site "Oberhof GER"]
[Date "2010.05.28"]
[Round "8"]
[White "Schöbel, Ulrike"]
[Black "Wisheckel, Lena"]
[Result "1/2-1/2"]
[Termination "normal"]
[Board "6"]
[WhiteElo "1656"]
[BlackElo "1672"]
[PlyCount "43"]
[BlackFideId "24691992"]
[EventCountry "GER"]
[EventRounds "9"]
[EventType "swiss"]
[EventDate "2010.05.22"]

1. c4 e5 2. Nc3 Nc6 3. g3 Bc5 4. Bg2 a6 5. e3 d6 6. Nge2 Ba7 7. O-O h5 8. Nd5
h4 9. Nec3 Nge7 10. Nxe7 Nxe7 11. d4 exd4 12. exd4 hxg3 13. fxg3 O-O 14. Bg5
Qd7 15. Qd3 Nc6 16. Be3 Re8 17. Kh1 Nb4 18. Qd2 Rxe3 19. Qxe3 Nc2 20. Qd2 Nxa1
21. Rxa1 c6 22. Re1 1/2-1/2

[Event "DEM U18w 2010"]
[Site "Oberhof GER"]
[Date "2010.05.28"]
[Round "8"]
[White "Mijatovic, Andrea"]
[Black "Sonnhalter, Stella"]
[Result "1-0"]
[Termination "normal"]
[Board "7"]
[WhiteElo "1864"]
[BlackElo "1751"]
[PlyCount "41"]
[WhiteFideId "14514524"]
[BlackFideId "4624815"]
[EventCountry "GER"]
[EventRounds "9"]
[EventType "swiss"]
[EventDate "2010.05.22"]

1. e4 c5 2. Nf3 Nc6 3. d4 cxd4 4. Nxd4 g6 5. Nc3 Bg7 6. Be3 Nf6 7. Bc4 O-O 8.
Bb3 d6 9. f3 Bd7 10. Qd2 Rc8 11. O-O-O Ne5 12. Kb1 Nc4 13. Bxc4 Rxc4 14. g4 Qb8
15. h4 Rfc8 16. h5 Rxc3 17. bxc3 Qc7 18. hxg6 hxg6 19. Bh6 Bh8 20. Bf8 Rxf8 21.
Rxh8+ 1-0

[Event "DEM U18w 2010"]
[Site "Oberhof GER"]
[Date "2010.05.28"]
[Round "8"]
[White "Kohm, Vanessa"]
[Black "Kirst, Julia"]
[Result "1-0"]
[Termination "normal"]
[Board "8"]
[WhiteElo "1768"]
[BlackElo "1712"]
[PlyCount "103"]
[WhiteFideId "4674472"]
[BlackFideId "12914258"]
[EventCountry "GER"]
[EventRounds "9"]
[EventType "swiss"]
[EventDate "2010.05.22"]

1. d4 Nf6 2. c4 g6 3. Nc3 Bg7 4. e4 d6 5. h3 O-O 6. Be3 e5 7. d5 Nbd7 8. g4 Nc5
9. Qc2 a5 10. b3 Ne8 11. Nf3 f5 12. gxf5 gxf5 13. Bg2 fxe4 14. Nxe4 Bf5 15.
Nfd2 Qh4 16. O-O-O Qe7 17. Rhg1 c6 18. Bg5 Qxg5 19. Nxg5 Bxc2 20. Kxc2 Rxf2 21.
dxc6 Nc7 22. cxb7 Rb8 23. Nge4 Nxe4 24. Bxe4 Kh8 25. Kb1 Na6 26. Bd5 Nb4 27.
Bh1 e4 28. Bxe4 Bc3 29. a3 Bxd2 30. axb4 Bxb4 31. Rg3 Re2 32. Bd5 Ree8 33. Rdg1
Bc5 34. Rg8+ Rxg8 35. Rxg8+ Rxg8 36. Bxg8 Ba7 37. Bd5 Kg7 38. Ka2 h6 39. Ka3
Kf6 40. Ka4 Ke7 41. Kxa5 Kd7 42. Ka6 Bb8 43. Kb6 Kd8 44. Kc6 Ke7 45. b4 Ke8 46.
Be6 Ke7 47. Bg4 Kd8 48. Kb6 Ke7 49. c5 d5 50. c6 Kd6 51. b5 d4 52. Be2 1-0

[Event "DEM U18w 2010"]
[Site "Oberhof GER"]
[Date "2010.05.28"]
[Round "8"]
[White "Stoer, Agnes"]
[Black "Erofeev, Anastasia"]
[Result "1/2-1/2"]
[Termination "normal"]
[Board "9"]
[WhiteElo "1877"]
[BlackElo "1624"]
[PlyCount "37"]
[WhiteFideId "1270593"]
[BlackFideId "12917915"]
[EventCountry "GER"]
[EventRounds "9"]
[EventType "swiss"]
[EventDate "2010.05.22"]

1. e4 e5 2. Nf3 Nc6 3. Bc4 Bc5 4. d3 Nf6 5. Nbd2 O-O 6. h3 d5 7. Bb3 Be6 8. c3
Qe7 9. O-O Rad8 10. Qe2 Nh5 11. exd5 Bxd5 12. Bxd5 Rxd5 13. Qe4 Rfd8 14. Nb3
Bb6 15. Nh4 Qe6 16. Qf3 g6 17. g4 Ng7 18. Be3 f5 19. Qe2 1/2-1/2

[Event "DEM U18w 2010"]
[Site "Oberhof GER"]
[Date "2010.05.28"]
[Round "8"]
[White "Kölbl, Ines"]
[Black "Falke, Cynthia"]
[Result "1-0"]
[Termination "normal"]
[Board "10"]
[WhiteElo "1855"]
[BlackElo "1672"]
[PlyCount "73"]
[WhiteFideId "24697052"]
[BlackFideId "24600644"]
[EventCountry "GER"]
[EventRounds "9"]
[EventType "swiss"]
[EventDate "2010.05.22"]

1. d4 d5 2. Nf3 e6 3. c4 Nf6 4. Bg5 Be7 5. e3 h6 6. Bh4 O-O 7. Nc3 b6 8. cxd5
Nxd5 9. Bxe7 Qxe7 10. Nxd5 exd5 11. Be2 Qb4+ 12. Qd2 Qxd2+ 13. Kxd2 Nd7 14. Bb5
Rb8 15. b3 a6 16. Bc6 Nf6 17. Rac1 Rd8 18. Rc2 Ne4+ 19. Ke2 f6 20. Rhc1 Kh7 21.
Ne1 Be6 22. Nd3 b5 23. f3 Ng5 24. Nf4 Bg8 25. a4 Ne6 26. Nxe6 Bxe6 27. axb5
axb5 28. Rc5 b4 29. Ba4 Bd7 30. Rxd5 Bxa4 31. Rxd8 Rxd8 32. bxa4 Rc8 33. Rb1
Rb8 34. Kd3 b3 35. Kc3 Re8 36. e4 Ra8 37. Kxb3 1-0

[Event "DEM U18w 2010"]
[Site "Oberhof GER"]
[Date "2010.05.28"]
[Round "8"]
[White "Rolfs, Rebecca"]
[Black "Müller, Anna-Louise"]
[Result "0-1"]
[Termination "normal"]
[Board "11"]
[WhiteElo "1408"]
[BlackElo "1627"]
[PlyCount "112"]
[WhiteFideId "24658219"]
[BlackFideId "4633512"]
[EventCountry "GER"]
[EventRounds "9"]
[EventType "swiss"]
[EventDate "2010.05.22"]

1. e4 d5 2. exd5 Qxd5 3. Nc3 Qd6 4. Nf3 Nf6 5. h3 Bf5 6. Bc4 c6 7. d3 e6 8. Ne2
Qc7 9. Bf4 Bd6 10. Bxd6 Qxd6 11. Qd2 Nbd7 12. Bb3 Qc7 13. Qf4 Qxf4 14. Nxf4
O-O-O 15. g4 Bg6 16. O-O-O Rhe8 17. Rde1 Re7 18. Re2 Rde8 19. Rhe1 Nf8 20. Ne5
Nd5 21. Bxd5 exd5 22. Nexg6 Rxe2 23. Rxe2 Rxe2 24. Nxe2 Nxg6 25. f4 Kd7 26. Kd2
Nh4 27. Ke3 Kd6 28. c3 Ng6 29. f5 Ne5 30. b3 b6 31. d4 Nd7 32. Kd3 Nf6 33. Ng3
h6 34. Ke3 c5 35. Kd3 a6 36. Ne2 Ne4 37. c4 Nf2+ 38. Ke3 Nxh3 39. dxc5+ Kxc5
40. cxd5 Kxd5 41. Nc3+ Kc6 42. Ne4 Kd5 43. Nd2 Ng5 44. Kd3 b5 45. a3 g6 46.
fxg6 fxg6 47. Nf1 Ne6 48. Ng3 a5 49. Ne2 h5 50. gxh5 gxh5 51. Nc3+ Kc6 52. Ne2
Kc5 53. Ng3 h4 54. Nf1 b4 55. axb4+ Kxb4 56. Kc2 Nd4+ 0-1

[Event "DEM U18w 2010"]
[Site "Oberhof GER"]
[Date "2010.05.29"]
[Round "9"]
[White "Endress, Anna"]
[Black "Stitterich, Nadine"]
[Result "1-0"]
[Termination "normal"]
[Board "1"]
[WhiteElo "2107"]
[BlackElo "1974"]
[PlyCount "141"]
[WhiteFideId "24629472"]
[BlackFideId "24676527"]
[EventCountry "GER"]
[EventRounds "9"]
[EventType "swiss"]
[EventDate "2010.05.22"]

1. e4 e5 2. Nf3 Nc6 3. Bc4 Bc5 4. c3 Nf6 5. d3 d6 6. O-O a6 7. Bb3 Ba7 8. Nbd2
O-O 9. h3 h6 10. Re1 Be6 11. Bc2 Re8 12. Nf1 d5 13. exd5 Qxd5 14. Qe2 Bc5 15.
b4 Bf8 16. Ng3 g6 17. Bb2 Bg7 18. Nd2 Rad8 19. Nde4 Nxe4 20. Nxe4 Bc8 21. Nc5
a5 22. a3 b6 23. Ne4 f5 24. Nd2 Kh7 25. Rad1 Bb7 26. Qf3 axb4 27. Qxd5 Rxd5 28.
axb4 Red8 29. Nf3 b5 30. Ra1 R5d7 31. Nd2 e4 32. d4 Ne5 33. Nb3 Nc4 34. Nc5
Nxb2 35. Nxb7 Re8 36. Na5 Rde7 37. Ra2 Nc4 38. Nxc4 bxc4 39. Ba4 Ra8 40. Bb3
Rae8 41. Bxc4 e3 42. Rae2 exf2+ 43. Kxf2 Rxe2+ 44. Rxe2 Rxe2+ 45. Bxe2 Bf8 46.
Ke3 Kg7 47. Kd3 Kf6 48. Kc4 Ke6 49. Kb5 Kd6 50. c4 Bg7 51. d5 Bd4 52. Bf3 h5
53. c5+ Kd7 54. Kc4 Bf2 55. Bd1 h4 56. Ba4+ Kd8 57. d6 cxd6 58. cxd6 g5 59. Bc2
g4 60. Bxf5 gxh3 61. Bxh3 Ba7 62. Kd5 Be3 63. Kc6 Bf2 64. b5 Ba7 65. Kb7 Bc5
66. Kc6 Ba7 67. b6 Bb8 68. Bg4 Ke8 69. Kb7 Bxd6 70. Kc8 h3 71. Bxh3 1-0

[Event "DEM U18w 2010"]
[Site "Oberhof GER"]
[Date "2010.05.29"]
[Round "9"]
[White "Frey, Alisa"]
[Black "Bochis, Julia"]
[Result "0-1"]
[Termination "normal"]
[Board "2"]
[WhiteElo "2049"]
[BlackElo "2086"]
[PlyCount "56"]
[WhiteFideId "24634662"]
[BlackFideId "24647276"]
[EventCountry "GER"]
[EventRounds "9"]
[EventType "swiss"]
[EventDate "2010.05.22"]

1. e4 d6 2. d4 Nf6 3. Nc3 g6 4. Be3 c6 5. f3 Nbd7 6. Qd2 b5 7. O-O-O b4 8. Nce2
a5 9. Kb1 Nb6 10. Nc1 Ba6 11. Bxa6 Rxa6 12. Qe2 Ra8 13. h4 Bg7 14. g4 h5 15.
Bg5 Qd7 16. e5 Nfd5 17. Nh3 a4 18. Bd2 hxg4 19. Ng5 dxe5 20. dxe5 gxf3 21. Qxf3
Qf5 22. Qxf5 gxf5 23. e6 fxe6 24. Nxe6 Bf6 25. h5 Nc4 26. Nd3 Nxd2+ 27. Rxd2
Kf7 28. Ng5+ Bxg5 0-1